00683 2200241 4500001002100000005001700021008004100038020001800079035002500097040001200122082001100134090001800145100001700163245008300180250001100263260003700274300003500311504002700346650002600373850001200399990001500411990001500426YOGYA-0209000001147420150820103146.0 ind  a979-514-349-2 a0010-020900000011474 aYOPDYOG a370.11 a370.11bSur A aSURYADI, Ace aAnalisis kebijakan pendidikan :bsuatu pengantarc/ Ace Suryadi, H.A.R. Tilaar aCet. 2 aBandungbRemaja Rasdakaryac1994 ax, 240 hlm. :bilus. ;c24 cm. aBibliografi : hlm. 240 aPendidikan - Analisis aYOPDYOG a75918-P/95 a75919-P/95